000 00648nam a2200193Ia 4500
008 151121s9999||||xx |||||||||||||| ||und||
082 _a833-/ पाण्डे
082 _bHNW-74744
100 _aपाण्डे मृणाल
245 _aयानी कि एक बात थी
260 _b"राधाकृष्ण, नई दिल्ली।"
260 _c--
300 _a256
600 _aपाण्डे मृणाल
630 _aयानी कि एक बात थी
700 _aपाण्डे मृणाल
730 _aयानी कि एक बात थी
942 _cBOOK
999 _c1256191
_d1256188